000 00981nam a2200217Ia 4500
999 _c45891
_d45891
003 GCL
005 20240530104243.0
008 140319s1992 sy b 000 0 ara d
040 _aGCL /
_cGCL
082 0 4 _a956.081/
_bك م
100 1 _aابن كنان، محمد بن عيسى بن محمود بن محمد الحنبلى الصالحى
245 1 0 _aالمواكب الاسلامية فى الممالك والمحاسن الشامية /
_cتاليف محمد بن عيسى بن كنان الصالحى الدمشقى ؛ تحقيق ودراسة حكمت اسماعيل ؛ مراجعة محمد المصرى
260 _aسةريا :
_bمنشورات وزارة الثقافة،
_c1992.
300 _a2 جزء :
_bخرائط ؛
_e24 سم.
650 0 7 _aالمخطوطات
_2qrmak
651 0 7 _2qrmak
_aدمشق
651 0 7 _2qrmak
_aسوريا
_xتاريخ
700 0 _aحكمت اسماعيل
_eمحقق
700 1 _aمحمد المصرى
_eمراجع
942 _2ddc
_cBK